| 000 | 01151nam a2200325Ia 4500 | ||
|---|---|---|---|
| 001 | Z_799 | ||
| 003 | CHAP | ||
| 008 | 220113s1990 xx 000 0 und d | ||
| 010 | _a163893 | ||
| 040 | _cCHAP | ||
| 090 | _aTesis G 643 | ||
| 100 |
_aGonzález Sauceda, José Juan _9137930 |
||
| 245 |
_aProducción de carne bajo pastoreo en una pradera asociada gramínea (Dactylis glomerata L. Var. Potomac) y leguminosa (Medicago sativa L. var. Valenciana) en Chapingo, Edo. de México: segunda fase / _cpor José Juan González Sauceda y Ramiro Hernández Martínez |
||
| 260 |
_aChapingo, Méx. : _bEl autor, _c1990 |
||
| 300 | _a152 h. | ||
| 440 | _a | ||
| 502 | _aTesis (Ing. Agr. Esp. en Zootecnia) -- UACH. Departamento de Zootecnia | ||
| 503 | _a | ||
| 650 |
_aAlfalfa I. UACH. Departamento de Zootecnia II. Hernández Martínez, Ramiro III. t. _9137931 |
||
| 650 |
_aCarne _xProducción _919109 |
||
| 650 |
_aDactylis glomerata _930865 |
||
| 650 |
_aGanado de carne _xPastoreo _945101 |
||
| 650 | _aSiembra múltiple | ||
| 901 | _aTesis G 643 | ||
| 902 | _aA | ||
| 910 | _a1990 | ||
| 942 | _c2 | ||
| 942 | _c2 | ||
| 999 |
_c163893 _d163893 |
||